| 000 | 00428nam a2200181 4500 | ||
|---|---|---|---|
| 003 | OSt | ||
| 008 | 241007b |||||||| |||| 00| 0 eng d | ||
| 020 | _a9788195931828 | ||
| 041 | _amal | ||
| 082 |
_a320.54 _bRAJ/RE |
||
| 100 |
_aRajesh, M B _96320 |
||
| 245 | _aRepublicinte bhavi / | ||
| 250 | _a1st ed. | ||
| 260 |
_aCalicut : _bProgress Publication, _c2023. |
||
| 300 | _a129p. | ||
| 650 |
_aPolitics _96280 |
||
| 942 | _cBK | ||
| 999 |
_c18139 _d18139 |
||